[Event "Warsaw Szansa op"]
[Site "Warsaw"]
[Date "2022.09.17"]
[Round "2"]
[White "Kulesza, Andrzej"]
[Black "Lewtak, Damian"]
[Result "1-0"]
[WhiteElo "2014"]
[BlackElo "2386"]
[PlyCount "119"]
[EventDate "2022.09.17"]
[EventType "swiss (rapid)"]
[EventRounds "11"]
[EventCountry "POL"]
[SourceTitle "EXT 2023"]
[Source "ChessBase"]
[SourceDate "2022.10.05"]
[SourceVersion "1"]
[SourceVersionDate "2022.10.05"]
[SourceQuality "1"]

1. e4 c6 2. d4 d5 3. Nd2 dxe4 4. Nxe4 Nf6 5. Nxf6+ exf6 6. Nf3 Na6 7. Be2 Bd6 8. Be3 Nc7 9. c4 0-0 10. Qd2 b5 11. b3 Bg4 12. 0-0 Re8 13. Rfe1 Rb8 14. c5 Bf8 15. Bf4 Rb7 16. h3 Be6 17. Bxc7 Rxc7 18. Rad1 Rd7 19. Qc2 Bd5 20. Nh2 Qa5 21. Nf3 Qd8 22. Nh2 Qa5 23. Nf1 g6 24. Ne3 Be4 25. Qb2 Bh6 26. Ng4 Bg7 27. Bf3 f5 28. Bxe4 fxe4 29. Re2 f5 30. Ne3 Qd8 31. Nc2 Qg5 32. b4 f4 33. Qb3+ Kh8 34. f3 e3 35. a4 a6 36. axb5 axb5 37. Qa2 Qd8 38. Qa6 Qc8 39. Qxc8 Rxc8 40. g3 g5 41. h4 h6 42. hxg5 hxg5 43. gxf4 gxf4 44. Kg2 Kg8 45. Kh3 Rf8 46. Rg2 Rd5 47. Rg6 Rh5+ 48. Kg2 Rff5 49. Rg4 Rfg5 50. Ra1 Rxg4+ 51. fxg4 Rh4 52. g5 Kh7 53. Ra6 Kg6 54. Ne1 Rg4+ 55. Kf3 Rg1 56. Ke2 Bxd4 57. Rxc6+ Kf5 58. Nf3 Rg2+ 59. Kd3 Bg7 60. Nh4+ 1-0

[Event "Ustron op-B"]
[Site "Ustron"]
[Date "2022.08.12"]
[Round "1"]
[White "Starosta, Martyna"]
[Black "Kulesza, Andrzej"]
[Result "1-0"]
[WhiteElo "1895"]
[BlackElo "2023"]
[PlyCount "59"]
[EventDate "2022.08.12"]
[EventType "swiss"]
[EventRounds "9"]
[EventCountry "POL"]
[SourceTitle "CBM 209 Extra"]
[Source "ChessBase"]
[SourceDate "2022.09.30"]
[SourceVersion "1"]
[SourceVersionDate "2022.09.30"]
[SourceQuality "1"]

1. e4 c5 2. Nf3 d6 3. d4 cxd4 4. Nxd4 Nf6 5. Nc3 a6 6. f4 e5 7. Nf3 Nbd7 8. a4 Be7 9. Bc4 Qa5 10. Qe2 b5 11. Bb3 Bb7 12. Bd2 b4 13. Na2 Nxe4 14. Bxb4 Qd8 15. 0-0-0 exf4 16. Nd4 g6 17. Nc3 Nxc3 18. Bxc3 0-0 19. Ne6 Bg5 20. Qg4 Nf6 21. Qxg5 fxe6 22. Bxe6+ Kg7 23. Qxf4 d5 24. g4 h6 25. g5 hxg5 26. Qxg5 Qe8 27. Rhg1 d4 28. Rxd4 Bc8 29. Bxc8 Rxc8 30. Rd7+ 1-0

[Event "Warsaw Chess op-A"]
[Site "Warsaw"]
[Date "2022.07.22"]
[Round "5"]
[White "Kulesza, Andrzej"]
[Black "Malek, Jan"]
[Result "0-1"]
[WhiteElo "2051"]
[BlackElo "2320"]
[PlyCount "60"]
[EventDate "2022.07.18"]
[EventType "swiss"]
[EventRounds "9"]
[EventCountry "POL"]
[SourceTitle "CBM 209 Extra"]
[Source "ChessBase"]
[SourceDate "2022.09.30"]
[SourceVersion "1"]
[SourceVersionDate "2022.09.30"]
[SourceQuality "1"]

1. e4 c5 2. Nf3 d6 3. d4 cxd4 4. Nxd4 Nf6 5. Nc3 Bd7 6. Bg5 e6 7. Qd2 h6 8. Bxf6 Qxf6 9. Ndb5 Bxb5 10. Bxb5+ Nc6 11. 0-0-0 Qg5 12. f4 Qc5 13. Kb1 Be7 14. g4 0-0-0 15. Bd3 g5 16. f5 h5 17. h3 hxg4 18. hxg4 a6 19. Rdf1 Rdg8 20. Nd1 Rh4 21. Rxh4 gxh4 22. Qh6 Qe5 23. f6 Bd8 24. Qxh4 Rg6 25. Qh5 Bxf6 26. c3 Kd7 27. Bc2 Ke7 28. Qh3 Bg5 29. Re1 Qf4 30. Ka1 Qd2 0-1

[Event "Warsaw Chess op-A"]
[Site "Warsaw"]
[Date "2022.07.20"]
[Round "3"]
[White "Golubka, Petr"]
[Black "Kulesza, Andrzej"]
[Result "1-0"]
[WhiteElo "2378"]
[BlackElo "2051"]
[PlyCount "53"]
[EventDate "2022.07.18"]
[EventType "swiss"]
[EventRounds "9"]
[EventCountry "POL"]
[SourceTitle "CBM 209 Extra"]
[Source "ChessBase"]
[SourceDate "2022.09.30"]
[SourceVersion "1"]
[SourceVersionDate "2022.09.30"]
[SourceQuality "1"]

1. g3 Nf6 2. Bg2 d5 3. Nf3 c5 4. c4 d4 5. b4 cxb4 6. a3 b3 7. Qxb3 Nc6 8. 0-0 e6 9. e3 dxe3 10. fxe3 Be7 11. Bb2 0-0 12. d4 Na5 13. Qd3 Qc7 14. Nbd2 Rd8 15. Ng5 h6 16. Nxf7 Kxf7 17. Qh7 Bd7 18. Be4 Rg8 19. d5 e5 20. Bg6+ Kf8 21. Ne4 Qb6 22. c5 Qxb2 23. Nxf6 Bxf6 24. Rxf6+ Ke7 25. Rf7+ Kd8 26. Qxg8+ Kc7 27. Rxd7+ 1-0

[Event "Krakow op-B"]
[Site "Krakow"]
[Date "2022.06.27"]
[Round "4"]
[White "Radzimski, Antoni"]
[Black "Kulesza, Andrzej"]
[Result "0-1"]
[WhiteElo "1619"]
[BlackElo "2024"]
[PlyCount "152"]
[EventDate "2022.06.25"]
[EventType "swiss"]
[EventRounds "9"]
[EventCountry "POL"]
[SourceTitle "EXT 2023"]
[Source "ChessBase"]
[SourceDate "2022.10.05"]
[SourceVersion "1"]
[SourceVersionDate "2022.10.05"]
[SourceQuality "1"]

1. e4 c5 2. Nf3 d6 3. d4 cxd4 4. Nxd4 Nf6 5. Nc3 a6 6. h4 e5 7. Nb3 Be7 8. h5 h6 9. Be2 b5 10. Be3 Bb7 11. Nd5 Nxd5 12. exd5 Nd7 13. a4 b4 14. Qd3 0-0 15. 0-0-0 f5 16. f3 a5 17. Kb1 Qe8 18. Qd2 Nf6 19. Bb5 Qc8 20. Qe2 Kh8 21. Bc4 Qd7 22. f4 e4 23. Bb5 Qc8 24. Bc4 Bd8 25. Bd4 Ng4 26. Rhe1 Rf7 27. Bb5 Kh7 28. Be3 Nf6 29. Rd2 Bc7 30. Red1 Re7 31. Ka2 Qg8 32. Kb1 Qf7 33. Nd4 Ng4 34. Nc6 Ree8 35. Rh1 Rec8 36. Rh4 Nf6 37. Bc4 Nd7 38. Rh1 Bb6 39. Bb5 Bxe3 40. Qxe3 Nf6 41. Qb6 e3 42. Qxe3 Nxd5 43. Qb3 Rxc6 44. Bxc6 Bxc6 45. Rhd1 Qxh5 46. Rxd5 Bxd5 47. Qxd5 Re8 48. Qxd6 Qg4 49. Qd7 Re2 50. g3 Re7 51. Qd5 Re3 52. Rg1 h5 53. Qh1 Rf3 54. Qh2 Kh6 55. Kc1 Re3 56. Kb1 Re2 57. Qh1 Rf2 58. Qc6+ Kh7 59. Qh1 Qe2 60. Qc6 b3 61. Rc1 Rg2 62. Qc3 bxc2+ 63. Qxc2 Qxc2+ 64. Rxc2 Rxg3 65. b4 axb4 66. a5 Rd3 67. a6 Rd7 68. Ra2 Ra7 69. Kb2 h4 70. Kb3 Kg6 71. Kxb4 Kh5 72. Kb5 Kg4 73. Kb6 Rxa6+ 74. Kxa6 h3 75. Kb6 Kxf4 76. Kc5 g5 0-1

[Event "POL-chT 1st League"]
[Site "Szklarska Poreba"]
[Date "2021.09.11"]
[Round "8.12"]
[White "Janeczko, Jakub"]
[Black "Kulesza, Andrzej"]
[Result "1/2-1/2"]
[WhiteElo "2007"]
[BlackElo "1983"]
[PlyCount "91"]
[EventDate "2021.09.04"]
[EventType "team-swiss"]
[EventRounds "9"]
[EventCountry "POL"]
[SourceTitle "CBM 204 Extra"]
[Source "ChessBase"]
[SourceDate "2021.11.30"]
[SourceVersion "1"]
[SourceVersionDate "2021.11.30"]
[SourceQuality "1"]
[WhiteTeam "Warszawa Czternastka"]
[BlackTeam "Krakow Gens Una Sumus"]
[WhiteTeamCountry "POL"]
[BlackTeamCountry "POL"]

1. e4 c5 2. Nf3 d6 3. d4 cxd4 4. Nxd4 Nf6 5. Nc3 a6 6. Be2 e5 7. Nb3 Be7 8. g4 Be6 9. g5 Nfd7 10. Rg1 Nb6 11. Be3 N8d7 12. h4 Qc7 13. Qd2 0-0-0 14. 0-0-0 Kb8 15. f4 g6 16. Bf2 Rc8 17. Qe3 Rhd8 18. fxe5 dxe5 19. Rxd7 Rxd7 20. Qxb6 Qxb6 21. Bxb6 Bb4 22. Rd1 Bxc3 23. Rxd7 Bxb2+ 24. Kxb2 Bxd7 25. Bc5 Rc6 26. Be7 Kc7 27. c4 Re6 28. Bf6 b6 29. c5 Bb5 30. Bxb5 axb5 31. Ka3 Kc6 32. Kb4 Re8 33. cxb6 Ra8 34. Nc5 Kxb6 35. Nd7+ Kc7 36. Nxe5 Rxa2 37. Kxb5 Re2 38. Kc5 Rxe4 39. Kd5 Rxh4 40. Nxf7 Kd7 41. Ne5+ Ke8 42. Ke6 h6 43. Nxg6 hxg5 44. Bxg5 Rg4 45. Kf5 Rxg5+ 46. Kxg5 1/2-1/2